Intelectuales.
Guardat en:
| Autor principal: | |
|---|---|
| Altres autors: | |
| Format: | Llibre |
| Idioma: | espanyol |
| Publicat: |
Buenos Aires, Argentina:
Javier Vergara editor,
1990.
|
| Matèries: | |
| Etiquetes: |
Afegir etiqueta
Sense etiquetes, Sigues el primer a etiquetar aquest registre!
|
MARC
| LEADER | 00000nam a2200000 a 4500 | ||
|---|---|---|---|
| 001 | UCW5809 | ||
| 003 | CL-VaPUC | ||
| 005 | 20220822114322.0 | ||
| 008 | 910812t19900000AG |||||||||||||||||spa|d | ||
| 999 | |c 219129 |d 219127 | ||
| 020 | |a 950-15-0998-2 | ||
| 040 | |c Pontificia Universidad Católica de Valparaíso | ||
| 082 | 0 | 4 | |a 928 JOH 1990 |2 21 |
| 100 | |a Johnson, Paul |e autor |9 582295 | ||
| 245 | 1 | 0 | |a Intelectuales. |
| 260 | |a Buenos Aires, Argentina: |b Javier Vergara editor, |c 1990. | ||
| 300 | |a 381 páginas. | ||
| 500 | |a c.2 Donación Familia Prof. Alejandro Guzmán Brito. | ||
| 583 | |a last modification |c 19910812 00:00:00 |k Rodrigo Vera | ||
| 650 | 0 | |a Intelectuales |9 262027 |x Biografías |y Siglos 18- 20 | |
| 700 | |a Rezzano, Clotilde |e traducción |9 866120 | ||
| 942 | |c BK |2 ddc |n 0 | ||
| 945 | |d 19910812 00:00:00 | ||
| 952 | |0 0 |1 0 |4 0 |6 928_000000000000000_JOH_1991 |7 0 |8 A |9 209674 |a BIBEDU |b BIBEDU |d 2019-11-15 |i 2775654 |o 928 JOH 1991 |p 2775654 |r 2019-11-15 |w 2019-11-15 |y BK |k EDU | ||
| 952 | |0 0 |1 0 |2 ddc |4 0 |6 928_000000000000000_JOH_1990 |7 1 |8 C_AGB |9 581029 |a BIBDER |b BIBDER |d 2022-02-01 |e Donación |i 5643759 |o 928 JOH 1990 |p 5643759 |r 2023-01-25 |t 2 |w 2022-02-01 |y BK_US |k AGB | ||